000 01022cam a22003374a 4500
999 _c79376
_d316653
001 259265604
003 OCoLC
005 20210304160115.0
008 081017s2009 enka b 001 0 eng
010 _a2008044502
020 _a9780470741689 (cloth)
020 _a0470741686 (cloth)
020 _a9780470741672 (pbk. : alk. paper)
020 _a0470741678 (pbk. : alk. paper)
035 _a.b66133889
040 _aDLC
_cDLC
_dBTCTA
_dYDXCP
_dBWKUK
_dBWK
_dUtOrBLW
049 _aOSU&
050 0 0 _aRS160
_b.D48 2009
050 0 0 _aRS160
_b.D48 2009
082 0 0 _a615.3
_222
_bDPM
100 1 _aDewick, Paul M
_988188
245 1 0 _aMedicinal natural products :
_ba biosynthetic approach /
_cPaul M. Dewick
250 _a3rd ed
260 _aChichester, U.K. :
_bWiley,
_c2009
300 _ax, 539 p. :
_bill. ;
_c26 cm
504 _aIncludes bibliographical references and index
650 0 _aNatural products
_988189
650 0 _aBiosynthesis
_937444
650 0 _aPharmacognosy
_988190
942 _2ddc
_cBOOK